01111nam a22002057a 4500003000600000005001700006008004100023020001800064040000800082082002000090100004100110245005200151260004700203300006000250505034000310505016400650650001800814650002800832650004500860GBCCL20241126110731.0240703b ||||| |||| 00| 0 eng d a9788121297967 cgbc a303.484092bSAR aSarasvati,Pandita Ramabaid1858-1922 aThe High-caste Hindu woman /cRamabai Sarasvati aNew Delhi :bGyan publishing house, c2023 a142 pages : bfrontispiece, plates, portraits ; c20 cm aRamabai Sarasvati was the first woman of the Brahmin caste to visit the U.S. and attend a medical college (Women's Medical College of Pennsylvania), and receive an M.D. She died only a few years after returning to India to practice medicine. The book was written to appeal to Americans to suppor the education of women in India. (PRBM) aIntroduction Prefatory remarks Childhood Married life Woman's place in religion and society Widowhood How the condition of women tells upon society The appeal  zIndia aWomen xHigh-caste Hindu woman. xRamabai Sarasvati, Pandita, .y1858-1922